| 000 | 00965cab a22001935a 4500 | ||
|---|---|---|---|
| 001 | L152590 | ||
| 008 | 110331e20110307xxk 000 0 eng d | ||
| 035 | _a(Sirsi) u152590 | ||
| 041 | 0 | _aeng | |
| 110 | 2 |
_aHogan Lovells _95932 |
|
| 245 | 0 | 0 |
_aSurvey _btax and legal |
| 260 | _c2011 | ||
| 490 | 0 |
_aEuroProperty _v7 March 2011, 23-27(5) |
|
| 520 | _aRegulation is 2011's biggest theme for European real estate investment: reforms ranging from European directives on alternative investment fund managers to a wide array of changes in the US financial regulatory system and the prospect of an international lease accounting standard. Provides an overview of how legislative bodies are grappling with tax matters, competition law and real estate investment across Europe: UK, Germany, Italy, and Eastern Europe including Russia, the Czech Republic, Hungary, and Poland. | ||
| 590 | _aKA | ||
| 651 | 4 | _aEurope | |
| 690 | _aPROPERTY-PROPERTY TAXATION | ||
| 942 | _n0 | ||
| 999 |
_c83011 _d83011 |
||